Mi álbum. Preescolar. Tercer grado.

Збережено в:
Бібліографічні деталі
Співавтор: Comisión Nacional de Libros de Texto Gratuitos (México)
Інші автори: Tenorio Sil, Virginia ; coord (autor) (autor), Vaca Bravo, Montserrat ; coord (autor) (autor)
Формат: Книга
Мова:Іспанська
Предмети:
Теги: Додати тег
Немає тегів, Будьте першим, хто поставить тег для цього запису!

MARC

LEADER 00000nam^a2200000^u^4500
001 000530886
005 20250521000000.0
008 140909s10001000^^^^cr^^r^^^^^000^0^spa^d
009 20260310130840.362
022 |a 9786075147895 
035 |a FCE 000075133 
037 |a Acervo ITESO - Biblioteca 
041 |a spa 
082 0 4 |a 372.218  |b SEPAlb Grado 3 
110 |a Comisión Nacional de Libros de Texto Gratuitos (México) 
245 1 0 |a Mi álbum. Preescolar. Tercer grado. 
264 |a México :  |b SEP : DGMIE,  |c 2014. 
300 |a 47 p. : il. 
336 |a texto  |b txt  |2 rdacontenido 
337 |a sin mediación  |b n  |2 rdamedio 
338 |a volumen  |b nc  |2 rdasoporte 
649 |a XX 
650 |a Desarrollo del niño 
650 |a Educación preescolar 
650 |a Material didáctico 
650 |a Educación del niño 
700 |a Tenorio Sil, Virginia ; coord  |e (autor) 
700 |a Vaca Bravo, Montserrat ; coord  |e (autor) 
910 |a Fondo Centro de Estudios Educativos 
920 |a Impresos - Libros 
930 |a Fondos Especiales 
905 |a 133 
901 |a ALE072798  |b IT2  |c CEE  |u 20250521 
901 |a ALE074897  |b IT2  |c CEE  |u 20250521 
902 |a https://opac.biblio.iteso.mx/vufind/Record/000530886